000 00574nam a2200205Ia 4500
005 20240913125758.0
008 240913s9999||||xx |||||||||||||| ||und||
020 _a978-81-86514-34-4
041 _aENGLISH
082 _A615.8495 Q1
100 _aReddy A R
245 0 _aDosimetry of Internal Emitters in Nuclear Medicine and Radiation Protection
250 _a1st
260 _c2011
_bDefence Research and Development Organis
500 _aREFERENCE
650 _aNuclear Medicine
_bAerospace Engineering
700 _a Jain S C
942 _cREF
999 _c246252
_d246252